Loading...
| Current Events | 1 | 20.00 | 100% | 100% | 0% |
| Fine Arts - Classical Music | 7 | 24.29 | 100% | 100% | 43% |
| Fine Arts - Other | 5 | 22.00 | 80% | 100% | 40% |
| Fine Arts - Painting and Sculpture | 3 | 16.67 | 100% | 67% | 0% |
| Geography | 1 | 10.00 | 100% | 0% | 0% |
| History - American | 4 | 17.50 | 100% | 50% | 25% |
| History - European | 4 | 12.50 | 100% | 25% | 0% |
| History - Other | 5 | 20.00 | 100% | 80% | 20% |
| History - World | 7 | 12.86 | 71% | 43% | 14% |
| Literature - Drama | 4 | 17.50 | 100% | 75% | 0% |
| Literature - Long Fiction | 2 | 25.00 | 100% | 100% | 50% |
| Literature - Misc | 2 | 15.00 | 100% | 50% | 0% |
| Literature - Poetry | 5 | 16.00 | 100% | 60% | 0% |
| Literature - Short Fiction | 1 | 10.00 | 100% | 0% | 0% |
| Mythology | 4 | 17.50 | 100% | 75% | 0% |
| Other Academic | 4 | 10.00 | 50% | 50% | 0% |
| Philosophy | 5 | 20.00 | 100% | 100% | 0% |
| Religion | 3 | 6.67 | 33% | 0% | 33% |
| Science - Biology | 4 | 12.50 | 100% | 25% | 0% |
| Science - Chemistry | 4 | 12.50 | 100% | 25% | 0% |
| Science - Other | 4 | 15.00 | 100% | 50% | 0% |
| Science - Physics | 2 | 20.00 | 100% | 100% | 0% |
| Short Fiction and Other | 1 | 20.00 | 100% | 100% | 0% |
| Social Science | 4 | 10.00 | 50% | 50% | 0% |